عر بی ز با ن و ا د ب کا ا ر د و پر ا ثر (Record no. 165871)
[ view plain ]
| 000 -LEADER | |
|---|---|
| fixed length control field | 00770nam a22002417a 4500 |
| 005 - DATE AND TIME OF LATEST TRANSACTION | |
| control field | 20190703170726.0 |
| 010 ## - LCCN (DPL NO) | |
| LC control number | B-29284 |
| 020 ## - INTERNATIONAL STANDARD BOOK NUMBER | |
| International Standard Book Number | - |
| Terms of availability | 300.00 |
| 035 ## - SYSTEM CONTROL NUMBER | |
| System control number | B-29284 |
| 037 ## - SOURCE OF ACQUISITION | |
| Source of stock number/acquisition | BPPD/Ven. |
| Stock number | dpl |
| 082 ## - DEWEY DECIMAL CLASSIFICATION NUMBER | |
| Classification number | 840 |
| 100 ## - MAIN ENTRY--PERSONAL NAME | |
| Personal name | شفيع شيخ |
| 245 ## - TITLE STATEMENT | |
| Title | عر بی ز با ن و ا د ب کا ا ر د و پر ا ثر |
| Statement of responsibility, etc | شفيع شيخ |
| Medium | Urdu |
| 246 ## - VARYING FORM OF TITLE | |
| Title proper/short title | Arabi Zuban -o-Adab ka Urdu par Asar (Urdu) |
| Remainder of title | by Shafi Sheikh |
| 250 ## - EDITION STATEMENT | |
| Edition statement | 2000 |
| 260 ## - PUBLICATION, DISTRIBUTION, ETC. (IMPRINT) | |
| Place of publication, distribution, etc | N.Delhi 110025 |
| Name of publisher, distributor, etc | Maktaba Jamia Ltd. |
| 270 ## - ADDRESS | |
| Address | Okhla Jamia Nagar |
| 300 ## - PHYSICAL DESCRIPTION | |
| Extent | 376ص |
| Dimensions | 22cm(Hbk) |
| 490 ## - SERIES STATEMENT | |
| Series statement | Jaico illustrated classics series |
| 942 ## - ADDED ENTRY ELEMENTS (KOHA) | |
| Source of classification or shelving scheme | Dewey Decimal Classification |
| Item type | Urdu Bks |
| Call number suffix | ش ف ی |
| Classification part | 840 |
| Withdrawn status | Lost status | Not for loan | Collection code | Home library | Current library | Date acquired | Source of acquisition | Cost, normal purchase price | Full call number | Barcode | Copy number | Cost, replacement price | Koha item type |
|---|---|---|---|---|---|---|---|---|---|---|---|---|---|
| Ordered | Non-fiction | Central Library | Central Library | 03/07/2019 | BPPD/Ven. | 300.00 | 840 ش ف ی | B-29284 | 1 | 300.00 | Urdu Bks |
